Software project management / (Record no. 13577)
[ view plain ]
| 000 -LEADER | |
|---|---|
| fixed length control field | 01006cac a22003015a 4500 |
| 008 - FIXED-LENGTH DATA ELEMENTS--GENERAL INFORMATION | |
| fixed length control field | 090426t2009 enka frb 001 0 eng d |
| 020 ## - INTERNATIONAL STANDARD BOOK NUMBER | |
| International Standard Book Number | 0077122798 |
| 020 ## - INTERNATIONAL STANDARD BOOK NUMBER | |
| International Standard Book Number | 9780077122799 |
| 040 ## - CATALOGING SOURCE | |
| Original cataloging agency | EG-ScBUE |
| Language of cataloging | eng |
| Transcribing agency | EG-ScBUE |
| 082 04 - DEWEY DECIMAL CLASSIFICATION NUMBER | |
| Classification number | 005.1068 |
| Item number | HUG |
| Edition number | 22 |
| 100 1# - MAIN ENTRY--PERSONAL NAME | |
| Personal name | Hughes, Bob. |
| 245 10 - TITLE STATEMENT | |
| Title | Software project management / |
| Statement of responsibility, etc | Bob Hughes and Mike Cotterell. |
| 250 ## - EDITION STATEMENT | |
| Edition statement | 5th ed. |
| 260 ## - PUBLICATION, DISTRIBUTION, ETC. (IMPRINT) | |
| Place of publication, distribution, etc | London : |
| Name of publisher, distributor, etc | McGraw-Hill Higher Education, |
| Date of publication, distribution, etc | c.2009. |
| 300 ## - PHYSICAL DESCRIPTION | |
| Extent | 392 p. : |
| Other physical details | ill. ; |
| Dimensions | 25 cm. |
| 500 ## - GENERAL NOTE | |
| General note | Index : 379-392. |
| 504 ## - BIBLIOGRAPHY, ETC. NOTE | |
| Bibliography, etc | Includes bibliographical references. |
| 590 ## - LOCAL NOTE (RLIN) | |
| Local note | Catalogued by : Mostafa El-Helaly |
| 600 ## - SUBJECT ADDED ENTRY--PERSONAL NAME | |
| Personal name | Bob Hughes and Mike Cotterell. |
| 9 (RLIN) | 4318 |
| 650 ## - SUBJECT ADDED ENTRY--TOPICAL TERM | |
| Topical term or geographic name as entry element | Software Engineering. |
| 9 (RLIN) | 4319 |
| Source of heading or term | BUEsh |
| 650 ## - SUBJECT ADDED ENTRY--TOPICAL TERM | |
| Topical term or geographic name as entry element | Computer software |
| 9 (RLIN) | 11535 |
| General subdivision | Development. |
| Source of heading or term | BUEsh |
| 650 ## - SUBJECT ADDED ENTRY--TOPICAL TERM | |
| Topical term or geographic name as entry element | Computer software |
| 9 (RLIN) | 11291 |
| General subdivision | Management. |
| Source of heading or term | BUEsh |
| 651 ## - SUBJECT ADDED ENTRY--GEOGRAPHIC NAME | |
| Source of heading or term | BUEsh |
| 653 ## - INDEX TERM--UNCONTROLLED | |
| Arrived date list | August2015 |
| Resource For college | Informatics and Computer Science |
| 655 ## - INDEX TERM--GENRE/FORM | |
| Form subdivision | Text book |
| -- | 33728 |
| 700 1# - ADDED ENTRY--PERSONAL NAME | |
| Personal name | Cotterell, Mike |
| 9 (RLIN) | 12205 |
| 942 ## - ADDED ENTRY ELEMENTS (KOHA) | |
| Item type | Book - Borrowing |
| Call number prefix | 005.1HUG |
| Source of classification or shelving scheme | Dewey Decimal Classification |
| Withdrawn status | Item status | Source of classification or shelving scheme | Damaged status | Not for loan | Vendor | Home library | Current library | Shelving location | Date acquired | Source of acquisition | Total Checkouts | Full call number | Barcode | Date last seen | Date last borrowed | Koha item type | Total Renewals | Cost, normal purchase price | Cost, replacement price |
|---|---|---|---|---|---|---|---|---|---|---|---|---|---|---|---|---|---|---|---|
| Dewey Decimal Classification | Baccah | Central Library | Central Library | Lower Floor | 03/03/2010 | 1 | 005.1068 HUG | 000020077 | 15/07/2025 | 13/04/2011 | NB - Book (Non borrowing) | ||||||||
| Dewey Decimal Classification | Baccah | Central Library | Central Library | Lower Floor | 03/03/2010 | 12 | 005.1068 HUG | 000019410 | 15/07/2025 | 01/10/2019 | Book - Borrowing | 43 | |||||||
| Dewey Decimal Classification | Baccah | Central Library | Central Library | Lower Floor | 11/04/2010 | 8 | 005.1068 HUG | 000020582 | 15/07/2025 | 03/10/2017 | Book - Borrowing | 26 | |||||||
| Dewey Decimal Classification | Baccah | Central Library | Central Library | Lower Floor | 11/04/2010 | 7 | 005.1068 HUG | 000020583 | 15/07/2025 | 28/10/2015 | Book - Borrowing | 26 | |||||||
| Dewey Decimal Classification | Baccah | Central Library | Central Library | Lower Floor | 11/04/2010 | 6 | 005.1068 HUG | 000020584 | 15/07/2025 | 25/09/2016 | Book - Borrowing | 66 | |||||||
| Dewey Decimal Classification | Baccah | Central Library | Central Library | Lower Floor | 02/11/2011 | 4 | 005.1068 HUG | 000025558 | 15/07/2025 | 05/11/2017 | Book - Borrowing | 22 | 180.00 | 225.00 | |||||
| Dewey Decimal Classification | Baccah | Central Library | Central Library | Lower Floor | 02/11/2011 | 9 | 005.1068 HUG | 000025559 | 15/07/2025 | 12/10/2021 | Book - Borrowing | 29 | |||||||
| Dewey Decimal Classification | Baccah | Central Library | Central Library | Lower Floor | 02/11/2011 | 4 | 005.1068 HUG | 000025560 | 15/07/2025 | 08/09/2015 | Book - Borrowing | 42 | |||||||
| Dewey Decimal Classification | Baccah | Central Library | Central Library | Lower Floor | 02/11/2011 | 9 | 005.1068 HUG | 000025561 | 15/07/2025 | 24/09/2017 | Book - Borrowing | 23 | |||||||
| Dewey Decimal Classification | Baccah | Central Library | Central Library | Lower Floor | 02/11/2011 | 4 | 005.1068 HUG | 000025562 | 15/07/2025 | 03/10/2019 | Book - Borrowing | 38 |